Foot and ankle biomechanics / (Record no. 171649)

MARC details
000 -LEADER
fixed length control field 01413cam a22003018i 4500
001 - CONTROL NUMBER
control field 1338666582
003 - CONTROL NUMBER IDENTIFIER
control field OSt
005 - DATE AND TIME OF LATEST TRANSACTION
control field 20250417123803.0
008 - FIXED-LENGTH DATA ELEMENTS--GENERAL INFORMATION
fixed length control field 220701t20232023enka b 001 0 eng d
020 ## - INTERNATIONAL STANDARD BOOK NUMBER
International Standard Book Number 9780128154496 (paperback)
040 ## - CATALOGING SOURCE
Original cataloging agency UKMGB
Language of cataloging eng
Description conventions rda
Transcribing agency UKMGB
Modifying agency NUST
050 #4 - LIBRARY OF CONGRESS CALL NUMBER
Classification number RD781 FOO
245 00 - TITLE STATEMENT
Title Foot and ankle biomechanics /
Statement of responsibility, etc. edited by William Ledoux and Scott Telfer.
260 ## - PUBLICATION, DISTRIBUTION, ETC.
Place of publication, distribution, etc. London :
Name of publisher, distributor, etc. Academic Press,
Date of publication, distribution, etc. 2023.
300 ## - PHYSICAL DESCRIPTION
Extent xxxvi, 777 pages :
Other physical details Illustrations ;
Dimensions 28 cm.
336 ## - CONTENT TYPE
Content type term text
Content type code txt
Source rdacontent.
337 ## - MEDIA TYPE
Media type term unmediated
Media type code n
Source rdamedia.
338 ## - CARRIER TYPE
Carrier type term volume
Carrier type code nc
Source rdacarrier.
504 ## - BIBLIOGRAPHY, ETC. NOTE
Bibliography, etc. note Includes bibliographical references and index.
650 #0 - SUBJECT ADDED ENTRY--TOPICAL TERM
Form subdivision Foot -- Movements.
650 #0 - SUBJECT ADDED ENTRY--TOPICAL TERM
Form subdivision Foot -- Abnormalities.
650 #0 - SUBJECT ADDED ENTRY--TOPICAL TERM
Form subdivision Ankle -- Mechanical properties.
650 #0 - SUBJECT ADDED ENTRY--TOPICAL TERM
Form subdivision Ankle -- Abnormalities.
700 1# - ADDED ENTRY--PERSONAL NAME
Personal name Ledoux, William R.,
Relator term editor.
Real World Object URI https://isni.org/isni/0000000499801595.
Authority record control number or standard number no2018155167
Relationship http://id.loc.gov/vocabulary/relators/edt
Authority record control number or standard number http://id.loc.gov/authorities/names/no2018155167
Real World Object URI http://viaf.org/viaf/33154257999024152398
700 1# - ADDED ENTRY--PERSONAL NAME
Personal name Telfer, Scott
Titles and other words associated with a name (Biomedical engineer),
Relator term editor.
Relationship http://id.loc.gov/vocabulary/relators/edt
776 08 - ADDITIONAL PHYSICAL FORM ENTRY
Main entry heading Online version:
Title Foot and ankle biomechanics.
Place, publisher, and date of publication London ; San Diego, CA : Academic Press, an imprint of Elsevier, [2023]
International Standard Book Number 9780128154373
Record control number (OCoLC)1355688305
942 ## - ADDED ENTRY ELEMENTS (KOHA)
Source of classification or shelving scheme Library of Congress Classification
Koha item type Ordinary Loan Books
Classification part RD781 FOO
Call number prefix RD
Call number suffix FOO
Suppress in OPAC No
Holdings
Withdrawn status Lost status Source of classification or shelving scheme Damaged status Not for loan Collection Home library Current library Shelving location Date acquired Source of acquisition Cost, normal purchase price Total Checkouts Full call number Barcode Date last seen Accession number Cost, replacement price Price effective from Koha item type Public note
    LCC     NFIC MEDICAL MEDICAL GEN 04/17/2025 Book Aid International 200.00   RD781 FOO 92004056332 04/17/2025 62990 200.00 04/17/2025 BOOKS Donation